000 01245cam a2200349 a 4500
001 14433912
003 OSt
005 20151007145300.0
008 060630s2006 nyua b 001 0 eng
010 _a 2006021669
020 _a9781845203948 (pbk.)
020 _a1845203941 (pbk.)
020 _a9781845203931 (cloth)
020 _a1845203933 (cloth)
040 _aDLC
_cDLC
_dDLC
050 0 0 _aHM1111
_b.R67 2006
082 0 0 _a306.01
_222
245 0 0 _aRoots of human sociality :
_bculture, cognition and interaction /
_cedited by N.J. Enfield and Stephen C. Levinson.
250 _aEnglish ed.
260 _aNew York, NY :
_bBerg,
_c2006.
300 _axiv, 529 p. :
_bill. ;
_c23 cm.
490 0 _aWenner-gren international symposium series
504 _aIncludes bibliographical references and index.
650 0 _aSocial interaction.
650 0 _aHuman evolution.
650 0 _aSocial evolution.
700 1 _aEnfield, N. J.,
_d1966-
700 1 _aLevinson, Stephen C.
906 _a7
_bcbc
_corignew
_d1
_eecip
_f20
_gy-gencatlg
942 _2lcc
_cBK
999 _c250258
_d250258